000
00289nam a22001337a 4500
008
170220b xxu||||| |||| 00| 0 eng d
020
_a
9780323029285
041
_a
eng
080
_a
615
100
_a
5
101
_a
SHF
245
_a
CALCULATE CONFIDENCE
_c
D.C.G MORRIS
942
_2
udc
_c
BK
999
_c
5882
_d
5882